000 00787nam a2200265Ia 4500
001 Para_4256
003 CHAP
008 220125s1917 xx 000 0 und d
010 _a202409
040 _cCHAP
090 _aPA FOLLETO 1497
100 _aQuaintance, A. L
_993122
245 _aLife history of the codling moth in the Pecos Valley, New México /
_c A. L. Quaintance
260 _aWashington :
_b Department of Agriculture
300 _a90 p.
440 _aEUA. Department of Agriculture Bull.; 429
_9167586
650 _aCarpocapsa pomonella Manzana
_x Plagas
_9167587
901 _aPA FOLLETO 1497
902 _aA
905 _a0000001917 WASi 0000000000 00
910 _a1917
942 _cPARA
942 _cPARA
_d1
999 _c202409
_d202409